000 00728nam a2200217 i 4500
001 46254
003 ES-MaACL
005 20250808062529.0
007 t|
008 030328s1953 sp ||||1| spa d
100 1 _aCombes, André.
_939969
245 1 3 _aEl amor de Jesús en el alma de Santa Teresita
_b: (siguiendo sus pasos) /
_cAndré Combes ; versión española de Julio Belloso de Francisco.
260 _aSan Sebastián :
_bDinor,
_c1953 (
_fImp. Industrial)
300 _a186 p. ;
_c19 cm.
490 1 _aPrisma
600 0 4 _aTeresa del Niño Jesús,
_cSanta
_9109739
700 1 _aBelloso de Francisco, Julio.
_927274
830 0 0 _aPrisma
_9180749
852 _aES-MaACL
_jC-6488
_bR.35617
999 _c46254
_d46254